Les meilleurs clubs de Normandie - Statistiques

Statistiques générales
  • Ce quiz a été pris 140 fois
  • Le résultat moyen est 10 sur 21
Statistiques - réponses
Niveau Réponse % Correct
L1 Le Havre AC
94%
N3 Le Havre AC 2
94%
N1 FC Rouen
91%
N3 AS Cherbourg
69%
L2 SM Caen
62%
N3 SM Caen 2
62%
N1 US Avranches
61%
L2 US Quevilly Rouen Métropole
61%
N3 US Quevilly Rouen Métropole 2
61%
N3 FC Dieppe
57%
N3 FC Saint-Lô Manche
54%
N3 Evreux FC
51%
N3 US Alençonnaise 61
50%
N2 US Granvillaise
46%
N2 AF Virois
34%
N3 ASPTT Caen
17%
N3 CMS Oissel
17%
N3 AG Caen
16%
N3 SU Dives Cabourg
15%
N3 AS Villers Houlgate
10%
N3 FC Flérien
2%
Aucun quiz correspondant
Distribution des résultats
% des personnes avec chaque résultat
Percentile par nombre de réponses
Votre historique - résultats
Vous n’avez pas pris ce quiz